Kleinstaaten - Statistiken

Allgemein
  • Dieses Quiz wurde 31 mal gespielt
  • Das Durchschnittsergebnis liegt bei 24 aus 32
Antwortstatistiken
Kleinstaat % Korrekt
Andorra
96%
San Marino
93%
Seychellen
93%
Monaco
89%
Palau
89%
St. Vincent und die Grenadinen
89%
Liechtenstein
85%
Nauru
85%
Barbados
81%
Luxemburg
81%
Mauritius
81%
St. Lucia
81%
Komoren
78%
Malta
78%
Singapur
78%
St. Kitts und Nevis
78%
Tuvalu
78%
Grenada
74%
Mikronesien
74%
Samoa
74%
São Tomé und Príncipe
74%
Vanuatu
74%
Antigua und Barbuda
70%
Kiribati
70%
Marshallinseln
70%
Brunei
63%
Kap Verde
63%
Malediven
63%
Tonga
63%
Bahrain
56%
Dominica
52%
Cookinseln
4%
Keine übereinstimmenden Quizze gefunden
Verteilung der Resultate
Anzahl Personen mit jedem Resultat
Perzentil nach korrekt beantworteten Fragen
Ihre Resultats-Entwicklung
Sie haben dieses Quiz noch nicht gespielt